[Event "ICS rated blitz match"]
[Site "207.99.83.227"]
[Date "1999.04.16"]
[Round "?"]
[White "Hossa"]
[Black "jeff251257"]
[Result "1-0"]
[WhiteElo "2503"]
[BlackElo "2083"]
[PlyCount "93"]

1. e4 c6 2. Nc3 d5 3. d4 dxe4 4. Nxe4 Nf6 5. Nxf6+ gxf6 6. Nf3 Bf5 7. Bd3 Bg6
8. O-O Qc7 9. Qe2 e6 10. Rd1 Nd7 11. Be3 O-O-O 12. d5 cxd5 13. Bxg6 hxg6 14.
Bxa7 Bc5 15. Bxc5 Qxc5 16. Rd3 Kb8 17. Rc3 Qb6 18. Rb3 Qc6 19. Qd2 Nc5 20. Rb4
Rc8 21. c3 Na6 22. Rd4 Qc5 23. Qc2 Rc6 24. Qa4 Rc7 25. Kh1 Qc6 26. Qc2 Nc5 27.
a4 Na6 28. a5 g5 29. Rda4 Qd6 30. Qd2 Rc6 31. Qe3 Qc7 32. Qd4 Rc8 33. Qxf6 g4
34. Ne5 Rc5 35. Rxg4 Rxa5 36. Rf1 Qb6 37. Nd7+ Ka7 38. Nxb6 Kxb6 39. Qxf7 Rc6
40. Rg7 Nc5 41. b4 Ra7 42. bxc5+ Kxc5 43. Qf8+ Kc4 44. Qb4+ Kd3 45. Rg3+ Kc2
46. Qb1+ Kd2 47. Qd1# {jeff251257 checkmated} 1-0

[Event "ICS Rated blitz match"]
[Site "207.99.83.227"]
[Date "1999.04.16"]
[Round "?"]
[White "totoff"]
[Black "Hossa"]
[Result "0-1"]
[WhiteElo "2340"]
[BlackElo "2506"]
[PlyCount "108"]

1. e4 e5 2. Nf3 Nc6 3. Bb5 a6 4. Ba4 Nf6 5. Bxc6 dxc6 6. d3 Bg4 7. h3 Bxf3 8.
Qxf3 Nd7 9. Nd2 Bd6 10. Nc4 O-O 11. Ne3 Bb4+ 12. Kf1 Be7 13. h4 Re8 14. Nf5 Nc5
15. g4 Ne6 16. g5 Nd4 17. Nxd4 Qxd4 18. h5 Qa4 19. Qe2 Rad8 20. b3 Qd4 21. Rb1
Qd7 22. Kg2 Qd6 23. Be3 Qa3 24. Ra1 Bb4 25. Bc1 Qa5 26. Bb2 Bd2 27. g6 fxg6 28.
hxg6 h6 29. Rh5 Rd6 30. Qg4 Bg5 31. Rxg5 hxg5 32. Qh5 Rf6 33. Qh7+ Kf8 34. Qh8+
Ke7 35. Qxg7+ Ke6 36. Qh7 Qc5 37. Rf1 Qxc2 38. Bc1 Qe2 39. Qh3+ g4 40. Qg3 Rxg6
41. Be3 Qxd3 42. Re1 Qxe4+ 43. Kg1 Rh8 44. Qg2 Qf3 45. Kf1 Rh1+ 46. Qxh1 Qxh1+
47. Ke2 Qe4 48. Kd2 Qb4+ 49. Kd1 Qc3 50. Ke2 Qb2+ 51. Kf1 Qxa2 52. Kg2 g3 53.
Kg1 gxf2+ 54. Kf1 54... Rg1# {totoff checkmated} 0-1

[Event "ICS rated blitz match"]
[Site "207.99.83.227"]
[Date "1999.04.16"]
[Round "?"]
[White "Hossa"]
[Black "totoff"]
[Result "1-0"]
[WhiteElo "2515"]
[BlackElo "2331"]
[PlyCount "47"]

1. e4 e6 2. Nf3 c5 3. Be2 Nc6 4. d4 cxd4 5. Nxd4 Nf6 6. Bf3 Bb4+ 7. c3 Be7 8.
Bf4 d6 9. Nxc6 bxc6 10. e5 Nd5 11. Qa4 Bb7 12. Bxd5 exd5 13. Qb4 Ba6 14. exd6
Bg5 15. d7+ Kxd7 16. Qd6+ Ke8 17. Qxc6+ Kf8 18. Bxg5 Qxg5 19. Qxa8+ Ke7 20.
Qxa7+ Kd8 21. Kd1 Qxg2 22. Re1 Qf3+ 23. Kc1 Qf4+ 24. Nd2 {totoff resigns} 1-0

[Event "ICS rated blitz match"]
[Site "207.99.83.227"]
[Date "1999.04.16"]
[Round "?"]
[White "Hossa"]
[Black "sombra"]
[Result "1-0"]
[WhiteElo "2523"]
[BlackElo "2276"]
[PlyCount "125"]

1. e4 d6 2. d4 Nf6 3. Nc3 c6 4. Be3 Qa5 5. Bd3 e5 6. Nf3 Nbd7 7. Qd2 Be7 8. O-O
Qc7 9. Bg5 O-O 10. dxe5 dxe5 11. Rad1 Re8 12. Kh1 b5 13. a4 b4 14. Ne2 a5 15.
Qe3 Nf8 16. Ng3 Ne6 17. Nf5 Bc5 18. Qd2 Nd7 19. Qc1 f6 20. Be3 Bf8 21. Bc4 Kh8
22. Bxe6 Rxe6 23. Rd2 Re8 24. Rfd1 Nc5 25. Bxc5 Bxc5 26. Nd6 Rf8 27. Nxc8 Raxc8
28. Nh4 Rcd8 29. Nf5 g6 30. Ng3 Kg7 31. Rxd8 Rxd8 32. Kg1 Bd4 33. c3 bxc3 34.
bxc3 Bc5 35. h4 h5 36. Rd2 Rxd2 37. Qxd2 Qd6 38. Nf1 Qxd2 39. Nxd2 Kf7 40. Nc4
Ke6 41. Nxa5 Kd7 42. Nc4 Kc7 43. Kf1 Kb7 44. f3 Kc7 45. a5 Kb7 46. Ke2 Ka6 47.
g4 Kb5 48. Nd2 Kxa5 49. gxh5 gxh5 50. Nf1 Kb5 51. Ng3 Kc4 52. Nxh5 Be7 53. Ng3
Kxc3 54. Nf5 Ba3 55. h5 Bc1 56. h6 Bxh6 57. Nxh6 Kb2 58. Ng4 c5 59. Nxf6 c4 60.
Ng4 c3 61. Nxe5 c2 62. Nd3+ Kc3 63. e5 {sombra resigns} 1-0

[Event "ICS rated blitz match"]
[Site "207.99.83.227"]
[Date "1999.04.16"]
[Round "?"]
[White "Hossa"]
[Black "LudVanBeethoven"]
[Result "1-0"]
[WhiteElo "2529"]
[BlackElo "2541"]
[PlyCount "63"]

1. e4 e5 2. Nf3 Nf6 3. Nc3 Nc6 4. Bb5 Nd4 5. O-O Nxb5 6. Nxb5 c6 7. Nc3 Qc7 8.
d3 Be7 9. Bg5 O-O 10. d4 d6 11. Qd3 Re8 12. dxe5 dxe5 13. Rad1 Be6 14. Kh1 Rad8
15. Qe3 Qa5 16. Bxf6 Bxf6 17. Nd2 Be7 18. Nb3 Qc7 19. Qxa7 f5 20. Qe3 f4 21.
Qf3 Qc8 22. Qh5 Bf6 23. Qe2 Bg4 24. f3 Be6 25. Nc5 Bf7 26. Rxd8 Rxd8 27. Rd1 b6
28. Nd3 Qb7 29. Nxe5 Rxd1+ 30. Qxd1 g6 31. Qd6 Bg5 32. Nxc6 {
LudVanBeethoven resigns} 1-0

[Event "ICS rated blitz match"]
[Site "207.99.83.227"]
[Date "1999.04.16"]
[Round "?"]
[White "j724"]
[Black "Hossa"]
[Result "0-1"]
[WhiteElo "2260"]
[BlackElo "2554"]
[PlyCount "71"]

1. d4 Nf6 2. Nf3 e6 3. Bf4 c5 4. c3 cxd4 5. cxd4 Bb4+ 6. Nbd2 Nc6 7. a3 Bxd2+
8. Qxd2 d5 9. e3 Ne4 10. Qc2 Qa5+ 11. Nd2 Nxd2 12. Qxd2 Qxd2+ 13. Kxd2 O-O 14.
Bd3 f6 15. Rac1 e5 16. dxe5 fxe5 17. Bg3 Be6 18. Ke2 Rac8 19. Bb5 Bd7 20. Bxc6
Bxc6 21. f3 Rfe8 22. Kf2 d4 23. e4 Kf7 24. Rhd1 Kf6 25. b3 g5 26. a4 b5 27. a5
h5 28. h3 h4 29. Bh2 Bd7 30. Ke2 Be6 31. b4 Bb3 32. Re1 Rc4 33. Rb1 Rxb4 34.
Kd2 Rc8 35. Rec1 Rbc4 36. Rc3 {j724 resigns} 0-1

[Event "ICS rated blitz match"]
[Site "207.99.83.227"]
[Date "1999.04.16"]
[Round "?"]
[White "Hossa"]
[Black "j724"]
[Result "1-0"]
[WhiteElo "2559"]
[BlackElo "2255"]
[PlyCount "21"]

1. e4 d6 2. d4 Nf6 3. Nc3 g6 4. Bc4 Bg7 5. Nf3 O-O 6. O-O c6 7. e5 dxe5 8. dxe5
Qxd1 9. Rxd1 Ng4 10. Bf4 b5 11. Nxb5 {j724 resigns} 1-0

[Event "ICS rated bullet match"]
[Site "207.99.83.227"]
[Date "1999.04.16"]
[Round "?"]
[White "Hossa"]
[Black "SuperChicken"]
[Result "1/2-1/2"]
[WhiteElo "2479"]
[BlackElo "2727"]
[PlyCount "117"]

1. e4 e5 2. Nf3 Nc6 3. Bb5 a6 4. Bxc6 dxc6 5. d3 Bg4 6. h3 Bxf3 7. Qxf3 Nf6 8.
Nc3 Qd6 9. Bg5 Be7 10. O-O-O O-O-O 11. Rhe1 Kb8 12. Qg3 Qe6 13. Kb1 Bb4 14. Bd2
Rhe8 15. Ka1 Rd7 16. Rc1 Red8 17. Nb1 Bd6 18. Red1 Bf8 19. Nc3 Rd4 20. f4 Nh5
21. Qh4 Nxf4 22. Bxf4 exf4 23. Ne2 R4d7 24. Qxh7 g5 25. Rf1 Re8 26. Qh5 Qe5 27.
Qg4 Re6 28. Rf3 Bc5 29. Rcf1 Ree7 30. h4 f6 31. h5 Ba3 32. Nc3 Bc5 33. g3 Bd4
34. gxf4 gxf4 35. Nd1 Rg7 36. Qh3 Qc5 37. c3 Rge7 38. a3 Be3 39. Nxe3 fxe3 40.
Rxe3 Rd6 41. Ref3 Qg5 42. Rg3 Qd2 43. Rg8+ Ka7 44. Rf3 Re5 45. Rg2 Qd1+ 46. Ka2
Rb5 47. b4 Re5 48. h6 Rxe4 49. dxe4 Rd2+ 50. Rxd2 Qxd2+ 51. Kb1 Qd1+ 52. Kb2
Qd2+ 53. Kb3 Qd1+ 54. Ka2 Qd2+ 55. Kb1 Qd1+ 56. Kb2 Qd2+ 57. Kb3 Qd1+ 58. Ka2
Qd2+ 59. Kb1 {Game drawn by repetition} 1/2-1/2

[Event "ICS rated blitz match"]
[Site "207.99.83.227"]
[Date "1999.04.16"]
[Round "?"]
[White "Panthee"]
[Black "Hossa"]
[Result "0-1"]
[WhiteElo "2190"]
[BlackElo "2564"]
[PlyCount "34"]

1. e4 e5 2. Nf3 Nc6 3. Nc3 Bb4 4. Nd5 Ba5 5. c3 Nf6 6. Nxf6+ Qxf6 7. Be2 Qg6 8.
O-O Qxe4 9. Re1 Qf5 10. d4 e4 11. d5 Ne7 12. Ng5 Bb6 13. Nxe4 Qxe4 14. Bf3 Qh4
15. g3 Qf6 16. h4 h6 17. Qe2 17... O-O {Panthee resigns} 0-1

[Event "ICS rated blitz match"]
[Site "207.99.83.227"]
[Date "1999.04.16"]
[Round "?"]
[White "Hossa"]
[Black "jo"]
[Result "1-0"]
[WhiteElo "2567"]
[BlackElo "2439"]
[PlyCount "50"]

1. e4 c5 2. Bc4 e6 3. Nc3 a6 4. a4 Nc6 5. d3 h5 6. Nf3 h4 7. Bg5 Be7 8. Bxe7
Ngxe7 9. Qe2 d6 10. Qe3 h3 11. Rg1 hxg2 12. Rxg2 g6 13. Ng5 Rh5 14. O-O-O Qc7
15. Qf4 Ne5 16. Qf6 N7c6 17. Qg7 Qe7 18. f4 Nxc4 19. dxc4 Nd4 20. e5 dxe5 21.
Nce4 Qf8 22. Nf6+ Ke7 23. Nxh5 gxh5 24. Qxe5 Bd7 25. Qxc5+ 25... Kd8 {
jo resigns} 1-0

[Event "ICS Rated bullet match"]
[Site "207.99.83.227"]
[Date "1999.04.16"]
[Round "?"]
[White "Tim"]
[Black "Hossa"]
[Result "0-1"]
[WhiteElo "2230"]
[BlackElo "2489"]
[PlyCount "36"]

1. d4 Nf6 2. Nc3 d5 3. e4 Nxe4 4. Nxe4 dxe4 5. Bc4 Nc6 6. c3 e5 7. d5 Nb8 8. f3
Nd7 9. Qe2 f5 10. fxe4 Qh4+ 11. g3 Qxe4 12. Qxe4 fxe4 13. Ne2 Nb6 14. Bb3 Bc5
15. Bc2 Nxd5 16. Bxe4 Nf6 17. Bc2 Bh3 18. Bd2 18... Bg2 {Tim resigns} 0-1

[Event "ICS rated blitz match"]
[Site "207.99.83.227"]
[Date "1999.04.16"]
[Round "?"]
[White "Hossa"]
[Black "jo"]
[Result "1-0"]
[WhiteElo "2584"]
[BlackElo "2444"]
[PlyCount "133"]

1. e4 c5 2. Bc4 e6 3. Nc3 a6 4. a4 Nc6 5. Nf3 h5 6. d3 Be7 7. d4 cxd4 8. Nxd4
h4 9. Bf4 d6 10. Nxc6 bxc6 11. Qg4 g6 12. e5 d5 13. Bd3 c5 14. O-O Bb7 15. Qh3
Nh6 16. Rad1 Qb6 17. b3 O-O-O 18. Bd2 Nf5 19. Rfe1 Kb8 20. Kh1 Rdg8 21. a5 Qc7
22. Na4 Bc8 23. Nb6 Bf8 24. Bg5 Bb7 25. Bf6 Bg7 26. Bxg7 Rxg7 27. c3 Rgg8 28.
Kg1 Ne7 29. Qe3 g5 30. Qxc5 Qxc5 31. Nd7+ Ka7 32. Nxc5 Rc8 33. Nxb7 Kxb7 34.
Re3 Ka7 35. Be2 Rc7 36. Rd2 Rhc8 37. c4 Rb8 38. g4 Rc5 39. Rf3 Rxa5 40. Rxf7
Rb7 41. cxd5 Nxd5 42. Rxb7+ Kxb7 43. Bf3 Kc6 44. Be4 Rb5 45. Rd3 Kc5 46. Bxd5
exd5 47. Rc3+ Kd4 48. Re3 Rb7 49. e6 Re7 50. Kg2 a5 51. h3 Kc5 52. Re5 Kb4 53.
Rxd5 Rxe6 54. Rxg5 Rc6 55. Rh5 Rc3 56. Rxh4 Kxb3 57. g5 a4 58. g6 a3 59. g7 Rc8
60. Rh8 a2 61. Rxc8 a1=Q 62. g8=Q+ Kb4 63. Qc4+ Ka5 64. Ra8+ Kb6 65. Rxa1 Kb7
66. Rb1+ Ka7 67. Qa2# {jo checkmated} 1-0

[Event "ICS rated blitz match"]
[Site "207.99.83.227"]
[Date "1999.04.16"]
[Round "?"]
[White "zia"]
[Black "Hossa"]
[Result "0-1"]
[WhiteElo "2199"]
[BlackElo "2594"]
[PlyCount "42"]

1. e4 d6 2. d4 Nf6 3. Nc3 Nbd7 4. g3 e5 5. Nge2 c5 6. d5 Be7 7. a4 O-O 8. h3
Ne8 9. g4 Bh4 10. Ng3 Kh8 11. Bd3 Qb6 12. O-O Bxg3 13. fxg3 c4+ 14. Kg2 cxd3
15. Qxd3 Qb4 16. Ra3 Nc5 17. Qf3 Bd7 18. g5 Nxa4 19. Rb3 Qc4 20. Rxb7 Qc8 21.
Rb3 21... Bxh3+ {zia resigns} 0-1

[Event "ICS rated blitz match"]
[Site "207.99.83.227"]
[Date "1999.04.16"]
[Round "?"]
[White "Hossa"]
[Black "peterd"]
[Result "1/2-1/2"]
[WhiteElo "2597"]
[BlackElo "2248"]
[PlyCount "87"]

1. e4 c5 2. Bc4 e6 3. Nc3 Nc6 4. Nf3 d6 5. O-O Nf6 6. d4 cxd4 7. Nxd4 Be7 8.
Bb5 Bd7 9. Nxc6 bxc6 10. Bc4 O-O 11. Bf4 e5 12. Be3 Be6 13. Bb3 d5 14. exd5
cxd5 15. Qf3 d4 16. Bxe6 fxe6 17. Rad1 Qc7 18. Bd2 dxc3 19. Qxc3 Qxc3 20. Bxc3
Rac8 21. Rde1 Nd5 22. Rxe5 Nxc3 23. bxc3 Rxc3 24. Rxe6 Bc5 25. Re2 Ra3 26. c4
Rc3 27. Rd1 Rxc4 28. Rb1 Rxf2 29. Rxf2 Bxf2+ 30. Kxf2 Rc2+ 31. Kf3 Rxa2 32. h4
h6 33. g4 Kh7 34. g5 hxg5 35. hxg5 Rc2 36. Ra1 Rc7 37. Ra6 g6 38. Ke4 Kg7 39.
Kd5 Kf7 40. Rf6+ Kg7 41. Ra6 Kf7 42. Rf6+ Kg7 43. Ra6 Kf7 44. Rf6+ {
Game drawn by repetition} 1/2-1/2

[Event "ICS rated blitz match"]
[Site "207.99.83.227"]
[Date "1999.04.17"]
[Round "?"]
[White "peterd"]
[Black "Hossa"]
[Result "0-1"]
[WhiteElo "2260"]
[BlackElo "2585"]
[PlyCount "36"]

1. e4 c5 2. Nf3 Nc6 3. c3 Nf6 4. Bd3 e5 5. O-O d5 6. exd5 Qxd5 7. Bb5 Bg4 8.
Re1 O-O-O 9. Bxc6 bxc6 10. Qa4 Bxf3 11. gxf3 Kb8 12. Qb3+ Qxb3 13. axb3 Bd6 14.
Na3 Bc7 15. Nc2 Nh5 16. Ne3 Nf4 17. Nc4 Nd3 18. Re3 18... f5 {peterd resigns}
0-1

[Event "ICS rated blitz match"]
[Site "207.99.83.227"]
[Date "1999.04.17"]
[Round "?"]
[White "Hossa"]
[Black "peterd"]
[Result "1-0"]
[WhiteElo "2589"]
[BlackElo "2256"]
[PlyCount "25"]

1. e4 c5 2. Bc4 e6 3. Nc3 Nc6 4. Nf3 d6 5. O-O Nf6 6. d4 cxd4 7. Nxd4 Be7 8.
Bb5 Bd7 9. Bxc6 bxc6 10. Bg5 O-O 11. Nb3 e5 12. Bxf6 Bxf6 13. Qxd6 {
peterd resigns} 1-0

[Event "ICS rated blitz match"]
[Site "207.99.83.227"]
[Date "1999.04.17"]
[Round "?"]
[White "plimsol"]
[Black "Hossa"]
[Result "0-1"]
[WhiteElo "2488"]
[BlackElo "2593"]
[PlyCount "78"]

1. e4 c5 2. Nf3 Nc6 3. d4 cxd4 4. Nxd4 Qb6 5. Nb3 Nf6 6. Nc3 e6 7. Be3 Qc7 8.
Bd3 Bb4 9. O-O Bxc3 10. bxc3 O-O 11. f4 d6 12. Qf3 Kh8 13. Kh1 Rg8 14. Rad1 Bd7
15. c4 Nb4 16. a3 Nc6 17. Bc1 Qd8 18. Bb2 e5 19. c5 Bg4 20. Qg3 Bxd1 21. cxd6
Nh5 22. Qe1 Bg4 23. fxe5 Rf8 24. h3 Be6 25. Nc5 Qg5 26. g4 Bxg4 27. hxg4 Qxg4
28. Kh2 Nf4 29. Qg3 Qh5+ 30. Kg1 Nxd3 31. cxd3 b6 32. Nd7 Rg8 33. Kg2 Rad8 34.
e6 fxe6 35. Nf6 Qe2+ 36. Rf2 Qxb2 37. Nxg8 Qxa3 38. Ne7 Nxe7 39. Rf7 39... Ng6
{plimsol resigns} 0-1

[Event "ICS rated bullet match"]
[Site "207.99.83.227"]
[Date "1999.04.17"]
[Round "?"]
[White "Hossa"]
[Black "SuperChicken"]
[Result "0-1"]
[WhiteElo "2495"]
[BlackElo "2681"]
[Annotator "Crafty v16.6"]
[PlyCount "92"]

{annotating for player ossa  using a scoring margin of +0.10 pawns.  search
time limit is 10.00} 1. e4 1... e5 2. Nf3 Nc6 3. Bc4 Bc5 4. c3 Nf6 5. d4 exd4
6. e5 d5 7. Bb5 ({8:-0.27} 7. Bb5 7... Ne4 8. cxd4 Be7 9. O-O O-O 10. Nc3 Bf5
11. Nxe4 Bxe4 12. Bxc6 12... bxc6 $10) ({8:-0.05} 7. exf6 7... dxc4 8. fxg7 Rg8
9. cxd4 Nxd4 10. O-O Rxg7 11. Re1+ Kf8 12. Ne5 $10) 7... Ne4 8. cxd4 Be7 9.
Nbd2 Bf5 10. Bxc6+ ({8:-0.26} 10. Bxc6+ 10... bxc6 11. O-O O-O 12. Nxe4 Bxe4
13. Qe2 c5 14. Nd2 Bc2 15. Nf3 $10) ({8:-0.05} 10. O-O 10... Qd7 11. Nxe4 dxe4
12. Ng5 O-O 13. d5 Rad8 14. Bxc6 14... bxc6 $10) 10... bxc6 11. Qa4 ({9:-0.59} 
11. Qa4 11... Qd7 12. O-O O-O 13. Qd1 c5 14. Re1 Rae8 15. Nxe4 15... Bxe4 $15)
({9:-0.32} 11. O-O 11... O-O 12. Nxe4 Bxe4 13. Qe2 c5 14. Nd2 Bc2 15. Nf3 15...
Be4 $15) 11... Qd7 12. b4 ({9:-1.18} 12. b4 12... O-O 13. O-O Nc3 14. Qa5 Bd3
15. Re1 Ne2+ 16. Kh1 16... Rfe8 $17) ({9:-0.71} 12. Nxe4 12... Bxe4 13. O-O
Bxf3 14. gxf3 O-O 15. Qc2 Rac8 16. Bf4 Qh3 17. Qd3 $17) 12... O-O 13. O-O Rfb8
14. Ba3 a5 15. b5 cxb5 16. Qb3 b4 17. Bb2 a4 18. Qe3 a3 19. Bc1 c5 20. dxc5
Bxc5 21. Nd4 Nxd2 22. Qxd2 Be4 23. Nb3 Bb6 24. Qf4 Bc7 25. Qg3 Rb6 26. Bg5 Rg6
27. h4 h6 28. Nc5 Qe8 29. Nxe4 Bxe5 30. Qb3 Bxa1 31. Nc5 Bc3 32. Bf4 Rg4 33. g3
Rxf4 34. gxf4 Qc6 35. Rd1 Qxc5 36. Rxd5 Qe7 37. h5 Qe2 38. Rc5 Rd8 39. Kg2 Qg4+
40. Kh2 Rd3 41. Rc8+ Qxc8 42. Kg1 Qg4+ 43. Kf1 Qh3+ 44. Kg1 Rg3+ 45. fxg3 Bd4+
46. Qe3 Bxe3# 0-1

[Event "ICS rated blitz match"]
[Site "207.99.83.227"]
[Date "1999.04.17"]
[Round "?"]
[White "jo"]
[Black "Hossa"]
[Result "0-1"]
[WhiteElo "2467"]
[BlackElo "2604"]
[PlyCount "108"]

1. e4 c5 2. Nf3 Nc6 3. Bb5 a6 4. Bxc6 dxc6 5. a4 Bg4 6. a5 e5 7. d3 c4 8. dxc4
Qxd1+ 9. Kxd1 Nf6 10. Nbd2 Rd8 11. Ke2 Bb4 12. c3 Bc5 13. h3 Bxf3+ 14. Kxf3 O-O
15. Ke2 Rd7 16. g4 Rfd8 17. f3 Ne8 18. b4 Be7 19. c5 Rd3 20. Ra3 Bg5 21. Nc4
Bxc1 22. Rxc1 R3d7 23. Ra2 Re7 24. Rd2 Rxd2+ 25. Kxd2 Nc7 26. Nd6 Ne6 27. Ke3
Nf4 28. Rh1 Rd7 29. h4 h6 30. h5 Kh7 31. Rd1 g6 32. hxg6+ Kxg6 33. Rd2 Rc7 34.
Nc4 f6 35. Rd6 Kg5 36. Rd8 h5 37. Rg8+ Kh4 38. Rh8 Rd7 39. Nd6 Kg5 40. gxh5
Nxh5 41. Rb8 Nf4 42. Rxb7 Rxb7 43. Nxb7 Ne6 44. Nd6 Kg6 45. Nf5 Kf7 46. Nd6+
Kg6 47. Nc4 Kf7 48. Nb6 Ke8 49. Kf2 Nf4 50. Na4 Kf7 51. Kg3 Kg7 52. Kg4 Kf7 53.
Kf5 Ng2 54. c4 54... Ne3# {jo checkmated} 0-1

[Event "ICS rated blitz match"]
[Site "207.99.83.227"]
[Date "1999.04.17"]
[Round "?"]
[White "Hossa"]
[Black "jo"]
[Result "1-0"]
[WhiteElo "2614"]
[BlackElo "2457"]
[PlyCount "67"]

1. e4 c5 2. Bc4 e6 3. Nc3 a6 4. a4 h5 5. Nf3 h4 6. d4 cxd4 7. Qxd4 Nc6 8. Qd3
h3 9. Rg1 hxg2 10. Rxg2 g6 11. Bg5 Qa5 12. O-O-O Rh5 13. Bb3 Nge7 14. Bd2 Qc7
15. Be3 Ne5 16. Nxe5 Qxe5 17. f4 Qc7 18. Rf2 Nc6 19. e5 Be7 20. Ne4 b6 21. Rfd2
Rb8 22. Qe2 Kf8 23. Nd6 Bxd6 24. Rxd6 Kg7 25. Bc4 Qb7 26. Rg1 b5 27. axb5 axb5
28. Bxe6 dxe6 29. Qxh5 Bd7 30. Kb1 Nb4 31. f5 Qa8 32. f6+ Kg8 33. Rxg6+ fxg6
34. Qxg6+ {jo resigns} 1-0

[Event "ICS rated blitz match"]
[Site "207.99.83.227"]
[Date "1999.04.17"]
[Round "?"]
[White "jo"]
[Black "Hossa"]
[Result "1-0"]
[WhiteElo "2448"]
[BlackElo "2623"]
[Annotator "Crafty v16.6"]
[PlyCount "79"]

{annotating for player ossa  using a scoring margin of +0.10 pawns.  search
time limit is 10.00} 1. e4 1... d6 2. d4 Nf6 3. Nc3 Nbd7 4. f3 e5 5. Be3 Be7 6.
Qd2 exd4 7. Bxd4 O-O 8. O-O-O Ne5 9. Kb1 Be6 10. h4 Nc6 11. Be3 Ne5 ({8:-0.43} 
11... Ne5 12. h5 h6 13. g4 Bc4 14. g5 Bxf1 15. gxf6 $14) ({8:-0.28} 11... Nh5
12. Qf2 Nb4 13. Nge2 Qd7 14. Nd4 Rae8 15. Nxe6 15... Qxe6 $10) 12. h5 h6 13. g4
Bc4 14. Bd3 Nxd3 15. cxd3 Be6 16. Nge2 Ne8 17. d4 d5 18. e5 Rc8 19. Rdg1 Qd7
20. Nf4 c5 21. Nxe6 fxe6 22. g5 cxd4 23. Qxd4 Rxf3 24. gxh6 Bc5 25. Qg4 Rxe3
26. hxg7 Rxe5 27. h6 Nxg7 28. hxg7 Bxg1 29. Rh8+ Kf7 30. g8=Q+ Rxg8 31. Qxg8+
Kf6 32. Rh6+ Kf5 33. Qg6+ Kf4 34. Rh4+ Ke3 35. Qxg1+ Kf3 36. Qg4+ Kf2 37. Rh2+
Ke3 38. Rh3+ Kf2 39. Qg3+ Kf1 40. Rh1# 1-0

[Event "ICS rated blitz match"]
[Site "207.99.83.227"]
[Date "1999.04.17"]
[Round "?"]
[White "Hossa"]
[Black "brazilian"]
[Result "1-0"]
[WhiteElo "2600"]
[BlackElo "2212"]
[PlyCount "73"]

1. e4 e6 2. Nf3 d5 3. e5 c5 4. Bb5+ Bd7 5. Bxd7+ Nxd7 6. O-O Qc7 7. Re1 Ne7 8.
c3 Nc6 9. d4 Be7 10. Bf4 h6 11. dxc5 Nxc5 12. Nd4 a6 13. Qg4 g5 14. Nxc6 bxc6
15. Bc1 h5 16. Qe2 g4 17. Bf4 Rg8 18. Nd2 h4 19. b4 Na4 20. Qd3 c5 21. Qh7
O-O-O 22. Qxf7 Qd7 23. Qh7 Nxc3 24. Qd3 cxb4 25. Qxa6+ Kb8 26. Qb6+ Kc8 27. Nb3
g3 28. fxg3 hxg3 29. Bxg3 Qc7 30. Qxe6+ Kb8 31. Bf2 Ne4 32. Rec1 Qb7 33. Na5
Qd7 34. Qb6+ Ka8 35. Qa6+ Kb8 36. Nc6+ Kc7 37. Bb6# {brazilian checkmated} 1-0

[Event "ICS rated blitz match"]
[Site "207.99.83.227"]
[Date "1999.04.17"]
[Round "?"]
[White "totoff"]
[Black "Hossa"]
[Result "0-1"]
[WhiteElo "2323"]
[BlackElo "2603"]
[PlyCount "108"]

1. e4 d6 2. d4 Nf6 3. Nc3 Nbd7 4. f4 Nb6 5. Nf3 e6 6. Bd3 Be7 7. O-O O-O 8. Kh1
c5 9. Be3 Ng4 10. Bg1 Kh8 11. h3 Nf6 12. Qe1 c4 13. Be2 Qe8 14. g4 Na4 15. Bxc4
Nxb2 16. Bb3 Qc6 17. g5 Ng8 18. Rb1 Nc4 19. Nd1 d5 20. e5 b6 21. Qh4 Ba6 22.
Rf2 Nh6 23. Qg3 Nf5 24. Qh2 Na5 25. h4 Rac8 26. h5 Nxb3 27. axb3 Bb4 28. g6
fxg6 29. hxg6 h6 30. Ng5 Nxd4 31. Nf7+ Kg8 32. Nxh6+ gxh6 33. Qxh6 Qc7 34. Rh2
Qg7 35. Bxd4 Qxh6 36. Rxh6 Rxf4 37. c3 Bd3 38. Ra1 Rf1+ 39. Kg2 Bxc3 40. Bxc3
Rxc3 41. Nxc3 Rxa1 42. Rh3 Bf1+ 43. Kh2 Bxh3 44. Kxh3 Ra3 45. Kg4 Rxb3 46. Ne2
a5 47. Kg5 a4 48. Kf6 a3 49. Nd4 Rb2 50. Nxe6 a2 51. Nf4 Rf2 52. Kg5 a1=Q 53.
e6 Qe5+ 54. Kh4 54... Qxf4+ {totoff resigns} 0-1

[Event "ICS rated blitz match"]
[Site "207.99.83.227"]
[Date "1999.04.17"]
[Round "?"]
[White "Hossa"]
[Black "totoff"]
[Result "1-0"]
[WhiteElo "2608"]
[BlackElo "2318"]
[PlyCount "77"]

1. e4 e6 2. Nf3 c5 3. Bb5 a6 4. Be2 Nc6 5. Nc3 Qc7 6. O-O Nf6 7. d3 h6 8. Be3
Be7 9. d4 cxd4 10. Nxd4 d6 11. Qe1 Ne5 12. f4 Neg4 13. Bc1 Qc5 14. Bxg4 Nxg4
15. Be3 Nxe3 16. Qxe3 e5 17. Nf5 Qxe3+ 18. Nxe3 exf4 19. Ncd5 Bd8 20. Nc4 O-O
21. Nxd6 Bd7 22. Nxb7 Bg5 23. Nxf4 Rab8 24. Nc5 Bc6 25. b3 a5 26. c4 Rfe8 27.
Rae1 Be7 28. Nfd3 a4 29. Nxa4 Bxa4 30. bxa4 Ra8 31. Nb2 Reb8 32. Rb1 Bc5+ 33.
Kh1 Bd4 34. Nd3 Rxb1 35. Rxb1 Rxa4 36. c5 Rxa2 37. c6 Ra8 38. c7 Rc8 39. Rb8 {
totoff resigns} 1-0

[Event "ICS rated blitz match"]
[Site "207.99.83.227"]
[Date "1999.04.17"]
[Round "?"]
[White "totoff"]
[Black "Hossa"]
[Result "0-1"]
[WhiteElo "2313"]
[BlackElo "2613"]
[PlyCount "84"]

1. e4 d6 2. d4 Nf6 3. Nc3 Nbd7 4. f4 Nb6 5. Nf3 e6 6. Bd3 Be7 7. a4 O-O 8. a5
Nbd7 9. e5 Ne8 10. O-O c5 11. Be3 cxd4 12. Bxd4 Nc5 13. Bxc5 dxc5 14. Qe2 Qc7
15. Qe4 f5 16. exf6 Nxf6 17. Qe2 Qxf4 18. Ne5 Qd4+ 19. Kh1 Qb4 20. Nc4 Bd7 21.
Na2 Qa4 22. Nc3 Qc6 23. Ne4 Rad8 24. Nxf6+ Bxf6 25. Be4 Qb5 26. Rad1 g6 27. b3
Bd4 28. Qg4 a6 29. h4 Bg7 30. h5 gxh5 31. Qxh5 h6 32. Qg6 Rf5 33. Rxf5 exf5 34.
Rxd7 Qxd7 35. Bxf5 Qe8 36. Qh7+ Kf8 37. Bh3 Qe1+ 38. Kh2 Rd5 39. Qg6 Qh4 40.
Qe6 Qf4+ 41. g3 Qf2+ 42. Kh1 42... Rd1+ {totoff resigns} 0-1

[Event "ICS rated blitz match"]
[Site "207.99.83.227"]
[Date "1999.04.17"]
[Round "?"]
[White "Hossa"]
[Black "jo"]
[Result "1-0"]
[WhiteElo "2618"]
[BlackElo "2466"]
[PlyCount "103"]

1. e4 c5 2. Bc4 e6 3. Nc3 a6 4. a4 h5 5. Nf3 Nc6 6. d3 Be7 7. d4 cxd4 8. Nxd4
h4 9. Bf4 d6 10. Nxc6 bxc6 11. Qg4 g6 12. e5 Nh6 13. Bxh6 Rxh6 14. exd6 Bxd6
15. Rd1 Qc7 16. Qh3 Bd7 17. O-O Be7 18. Rfe1 a5 19. Qe3 Rh5 20. Ne4 Kf8 21. Be2
Rh7 22. Qd4 Be8 23. Nf6 Bxf6 24. Qxf6 Qe7 25. Qf3 Kg7 26. Bc4 Qf6 27. Qxf6+
Kxf6 28. Rd6 Ke7 29. Red1 Rh5 30. R6d2 Rc5 31. Rd4 g5 32. f4 g4 33. b3 f5 34.
Re1 Bd7 35. c3 Rb8 36. Re3 Rf8 37. b4 axb4 38. cxb4 Rxc4 39. Rxc4 Ra8 40. a5
Be8 41. Kf2 Bd7 42. Re5 Be8 43. Rd4 Bd7 44. Ke3 Be8 45. g3 h3 46. Kd3 Bd7 47.
Kc3 Be8 48. Rd1 Bd7 49. Rd3 Be8 50. Rde3 Bd7 51. Rxf5 c5 52. Rxc5 {jo resigns}
1-0